| 000 | 00648nam a22002177a 4500 | ||
|---|---|---|---|
| 003 | OSt | ||
| 005 | 20140310181925.0 | ||
| 008 | 130719t xxu||||| |||| 00| 0 eng d | ||
| 020 | _a082580373 | ||
| 050 |
_aMT 425 _b.F837 1907 |
||
| 082 |
_aTR 788 _bF85 1906 |
||
| 100 |
_aFranz, O. _92327 |
||
| 245 |
_aComplete method for the French horn : _bGrosse theoretisch-practische Waldhorn-Schule / _cO. Franz, |
||
| 260 |
_aNew York : _bCarl Fischer, _cc1906. |
||
| 300 |
_a102 p. : _bill. ; _c30 cm. |
||
| 521 | _aFaculty | ||
| 541 | _j1 | ||
| 562 | _e1 | ||
| 650 |
_aHorn (Musical instrument) _xMethods. _92328 |
||
| 942 |
_2lcc _cBK-TR _kTR |
||
| 999 |
_c7148 _d7148 |
||